000
00248nam a2200109Ia 4500
008
190216s9999||||xx |||||||||||||| ||und||
100
_a
Richard Cardem
245
0
_a
Doctor In The House
260
_b
Penguin Books
650
_a
English
942
_c
BK
999
_c
12827
_d
12827